000 01453nam a2200373 i 4500
001 8017
003 KOSZ 005
005 20231109062806.0
008 090211s1949 pl a g 001 0 pol
015 _aPB 1949/5641
040 _aWA N
_cKOSZ 005/RW
_dKOSZ 005/RW
_dKOSZ 005/HR
041 1 _apol
_hger
046 _k1949
080 _a141.8
100 1 _aEngels, Friedrich
_d(1820-1895)
_eAutor
245 1 0 _aAnty-Dühring :
_bpan Eugeniusz Dühring dokonuje przewrotu w nauce /
_cFryderyk Engels ; [z 3 niem. wyd. przeł. Paweł Hoffman].
246 1 _iTyt. oryg.:
_aHerrn Eugen Dührings Umwälzung der Wissenschaft
250 _aWyd. 2.
260 _aWarszawa :
_b"Książka i Wiedza",
_c1949.
300 _a340 s., [1] k. tabl. :
_bil. ;
_c21 cm.
380 _aKsiążki.
490 1 _aBiblioteka Klasyków Marksizmu-Leninizmu.
504 _aIndeks.
600 1 4 _aDühring, Eugen
_d(1833-1921)
_xkrytyka.
650 4 _aFilozofia
_xkrytyka
_zNiemcy
_y19 w.
650 4 _aDialektyka
_zNiemcy
_y19 w.
658 _aFilozofia i etyka
648 4 _a1801-1900
700 1 _aHoffman, Paweł
_d(1903-1978).
_eTłumaczenie
710 2 _aSpółdzielnia Wydawniczo-Handlowa "Książka i Wiedza"
_4pbl.
830 0 _aBiblioteka Klasyków Marksizmu-Leninizmu.
856 _uhttp://koha.tu.koszalin.pl/cgi-bin/koha/opac-detail.pl?biblionumber=8017
_yKatalog online BPK
942 _2UKD
_cKS
999 _c8017
_d8017